The 4 Major Peninsulas of Europe - Statistics

General Stats
  • This quiz has been taken 230 times
  • The average score is 19 of 21
Answer Stats
Iberian Peninsula % Correct
Finland
99%
Italy
99%
Norway
99%
Spain
99%
Sweden
99%
Portugal
98%
Andorra
95%
Denmark
95%
Greece
95%
Croatia
94%
Albania
93%
Serbia
92%
Bosnia
91%
San Marino
91%
Vatican City
91%
Bulgaria
90%
Montenegro
89%
Slovenia
88%
Romania
86%
FYROM
72%
Turkey
72%
No matching quizzes found
Score Distribution
Percent of People with Each Score
Percentile by Number Answered
Your Score History
You have not taken this quiz